[Event "Despedida  a un grande - Bobby Fischer"]
[Site "SchemingMind.com"]
[Date "2009.03.19"]
[Round "-"]
[White "knightchaser"]
[Black "reo"]
[Result "1-0"]
[WhiteCountry "MAS"]
[BlackCountry "THA"]
[WhiteElo "1981"]
[WhiteRD "103"]
[BlackElo "1836"]
[BlackRD "70"]
[GameID "196795"]

1. d4 Nf6 2. c4 e6 3. Nc3 Bb4 4. f3 d5 5. a3 Be7 6. e4 dxe4 7. fxe4 e5 8. Nf3 exd4 9. Nxd4 O-O 10. Be2 Bc5
11. Be3 Nc6 12. Nxc6 Qxd1+ 13. Nxd1 Bxe3 14. Ne7+ Kh8 15. Nxe3
1-0

[Event "Despedida  a un grande - Bobby Fischer"]
[Site "SchemingMind.com"]
[Date "2009.03.26"]
[Round "-"]
[White "AycaguerMarcel"]
[Black "Mitchell-in"]
[Result "1-0"]
[WhiteCountry "URU"]
[BlackCountry "ENG"]
[WhiteElo "1558"]
[WhiteRD "73"]
[BlackElo "1749"]
[BlackRD "61"]
[GameID "197977"]

1. d4 d5 2. c4 e5 3. dxe5 d4 4. Nf3 Nc6 5. Bg5 Be7 6. Bxe7 Ngxe7 7. Na3 Ng6 8. Nc2 O-O 9. Ncxd4 Ncxe5 10. e3 Bg4
11. Be2 Nxf3+ 12. Bxf3 Bxf3 13. Nxf3 Qf6 14. Qc2 Rfd8 15. O-O Ne5 16. Nxe5 Qxe5 17. Rfd1 Qe6= 18. b3 c6 19. Rd2 Rxd2 20. Qxd2 Kf8
21. Kf1 Ke8 22. Rd1 Qe7 23. e4 f6 24. f3
1-0

[Event "Despedida  a un grande - Bobby Fischer"]
[Site "SchemingMind.com"]
[Date "2009.03.27"]
[Round "-"]
[White "Mitchell-in"]
[Black "AycaguerMarcel"]
[Result "1-0"]
[WhiteCountry "ENG"]
[BlackCountry "URU"]
[WhiteElo "1749"]
[WhiteRD "61"]
[BlackElo "1558"]
[BlackRD "73"]
[GameID "197980"]

1. e4 c5 2. Nf3 b6 3. c3 d6 4. d4 e6 5. Bd3 Nf6 6. O-O Be7 7. Re1 O-O 8. Nbd2 Bb7 9. Nf1 Nbd7 10. h3 a6
11. a4 Rc8 12. g4 Kh8 13. Ng3 Kg8 14. Nh2 Kh8 15. f4 Qc7 16. g5 Ne8 17. h4 e5 18. d5 Rb8 19. f5 Bc8 20. c4 Rg8
21. Be3 Nf8 22. h5 Bd7 23. Qe2 Qd8 24. g6 fxg6 25. hxg6 Bg5 26. Qh5 Bxe3+ 27. Rxe3 Nf6 28. Qh3 Be8 29. Nf3 h6 30. Ng5 Qe7
31. Ne2 N8d7 32. Ne6 Nf8 33. b3
1-0

[Event "Despedida  a un grande - Bobby Fischer"]
[Site "SchemingMind.com"]
[Date "2009.04.02"]
[Round "-"]
[White "mebalse"]
[Black "vog"]
[Result "1-0"]
[WhiteCountry "URU"]
[BlackCountry "USA"]
[WhiteElo "1916"]
[WhiteRD "80"]
[BlackElo "1862"]
[BlackRD "105"]
[GameID "199043"]

1. d4 d5 2. Bf4 Nf6 3. e3 Bf5 4. c4 e6 5. Nc3 c5 6. cxd5 Nxd5 7. Nxd5 Qxd5 8. Bxb8 Rxb8 9. Bb5+ Ke7 10. dxc5 Qxc5
11. Qb3 Rd8 12. Nf3 Bc2 13. Qc4 Qxc4 14. Bxc4 Be4 15. Ke2 Kf6 16. a3 g5 17. Rhd1 Be7 18. Bd3 Bxd3+ 19. Rxd3 Rxd3 20. Kxd3 Rd8+
21. Kc4 g4 22. Nd4 e5 23. Nb3 a6 24. f4 exf4 25. exf4 b5+ 26. Kc3 Kf5 27. g3 Bf6+ 28. Kb4 Bxb2 29. Ra2 Bf6 30. Re2 Rd6
31. a4 bxa4 32. Kxa4 Rd5 33. Kb4 h5 34. Kc4 Rd6 35. Nc5 Rd4+ 36. Kb3 a5 37. Ka3 Rd5 38. Nb3 Bc3 39. Ka4 Kg6 40. Ka3= h4
41. Re3 Bb4+ 42. Ka4 h3 43. Re2 f5 44. Re3 Kf7 45. Re2 Kf6 46. Re3= Rd1 47. Re2 Re1 48. Rc2 Re6 49. Nxa5 Bxa5 50. Kxa5 Re4
51. Kb6 Ke6 52. Kc6 Re1 53. Kc5 Rg1 54. Re2+ Kf6 55. Kd4 Rg2 56. Ke3 Rg1 57. Rd2 Re1+ 58. Kd3 Ra1 59. Kd4 Ra4+ 60. Kd5 Re4
61. Rc2 Ke7 62. Rc7+ Kf6 63. Rc6+ Kf7 64. Rc7+ Ke8 65. Rc6 Kf7 66. Rc7+ Kg6 67. Rc6+ Kg7 68. Re6 Ra4 69. Re5 Kf6 70. Re6+ Kf7
71. Re5= Ra5+ 72. Kd6 Ra6+ 73. Kd5 Kf6 74. Re2 Ra8 75. Re6+ Kf7 76. Rc6 Re8 77. Rc7+ Kf6 78. Rc6+ Kf7 79. Rc7+ Kf8 80. Rc6 Kg7
81. Rc7+ Kg6 82. Rc6+ Kg7 83. Rc7+ Kg8 84. Rc6 Kg7 85. Rc7+
1-0

[Event "Despedida  a un grande - Bobby Fischer"]
[Site "SchemingMind.com"]
[Date "2009.04.02"]
[Round "-"]
[White "vog"]
[Black "mebalse"]
[Result "0-1"]
[WhiteCountry "USA"]
[BlackCountry "URU"]
[WhiteElo "1886"]
[WhiteRD "112"]
[BlackElo "1843"]
[BlackRD "81"]
[GameID "199046"]

1. d4 e6 2. c4 Nf6 3. Nc3 d5 4. Bg5 Nbd7 5. e3 h6 6. Bh4 g5 7. Bg3 Bd6 8. Nf3 Nb6 9. Ne5 dxc4 10. Nxc4 Bxg3
11. hxg3 Nfd5 12. Qc2 Nxc3 13. Qxc3 a6 14. O-O-O Nd5 15. Qb3 b5 16. Ne5 Qf6 17. Ng4 Qg7 18. e4 Ne7 19. Be2 Bb7 20. Rhe1 O-O-O
21. Ne5 Nc6 22. Nxc6 Bxc6 23. Qe3 f5 24. exf5 exf5 25. Bf3 Rhe8 26. Qc3 Rxe1 27. Rxe1 Bb7 28. Re5 g4 29. Bxb7+ Kxb7 30. Qc5 Rd6
31. Kb1 Qd7 32. Rxf5 Rxd4 33. a3 Rd1+ 34. Ka2 Qe6+ 35. b3 Qe2+ 36. Qc2 Qxc2#
0-1

[Event "Despedida  a un grande - Bobby Fischer"]
[Site "SchemingMind.com"]
[Date "2009.04.25"]
[Round "-"]
[White "bull mccabe"]
[Black "Brendan Joseph Birt"]
[Result "0-1"]
[WhiteCountry "IRL"]
[BlackCountry "USA"]
[WhiteElo "1717"]
[WhiteRD "83"]
[BlackElo "1785"]
[BlackRD "83"]
[GameID "201440"]

1. e4 c5 2. Nc3 g6 3. Nf3 Bg7 4. d4 cxd4 5. Nxd4 Nc6 6. Be3 Nf6 7. Bc4 O-O 8. O-O Nxe4 9. Nxe4 d5 10. Nxc6 bxc6
11. Bd3 dxe4 12. Bxe4 Ba6 13. Re1 Qc7 14. c3 Rad8 15. Qc2 e5 16. Bc5 Rfe8 17. Rad1 Bc4 18. Qa4 Bb5 19. Qxa7 Qxa7 20. Bxa7 Ra8
21. Rd7 Red8 22. Red1 Rxd7 23. Rxd7 f5 24. Bc2 Bc4
0-1

[Event "Despedida  a un grande - Bobby Fischer"]
[Site "SchemingMind.com"]
[Date "2009.04.25"]
[Round "-"]
[White "Brendan Joseph Birt"]
[Black "bull mccabe"]
[Result "1-0"]
[WhiteCountry "USA"]
[BlackCountry "IRL"]
[WhiteElo "1785"]
[WhiteRD "83"]
[BlackElo "1717"]
[BlackRD "83"]
[GameID "201445"]

1. e4 c5 2. Nf3 Nc6 3. d4 cxd4 4. Nxd4 e5 5. Nb5 d6 6. N1c3 a6 7. Na3 b5 8. Nd5 Nf6 9. Bg5 Be7 10. Bxf6 Bxf6
11. c3 O-O 12. Nc2 Be6 13. a4 Bxd5 14. exd5 Ne7 15. axb5 axb5 16. Bxb5 Rxa1 17. Qxa1 Nxd5 18. O-O Qb6 19. Be2 Rd8 20. Bf3 Ne7
21. Ne3 Bg5 22. Nd5 Nxd5 23. Bxd5 g6 24. Qa2 Qc7 25. g3
1-0

[Event "Despedida  a un grande - Bobby Fischer"]
[Site "SchemingMind.com"]
[Date "2009.04.29"]
[Round "-"]
[White "CRIS PORTI"]
[Black "alamanc66"]
[Result "0-1"]
[WhiteCountry "ARG"]
[BlackCountry "NED"]
[WhiteElo "1715"]
[WhiteRD "97"]
[BlackElo "2251"]
[BlackRD "107"]
[GameID "202168"]

1. e4 c5 2. Nf3 d6 3. d4 cxd4 4. Nxd4 Nf6 5. Nc3 a6 6. Bc4 e6 7. Bg5 Be7 8. O-O b5 9. Bd3 h6 10. Be3 O-O
11. f4 Qc7 12. Qd2 Bb7 13. a3 Ng4 14. h3 Nxe3 15. Qxe3 Nd7 16. f5 Qc5 17. fxe6 Bg5 18. Qf2 fxe6 19. Nxe6 Rxf2 20. Nxc5 Rxf1+
21. Kxf1 Nxc5 22. Rd1 Rf8+ 23. Ke2 Ne6 24. Nd5 Bxd5 25. exd5 Nf4+ 26. Kd2 Nxg2+ 27. Kc3 Bf6+ 28. Kb3 Nf4 29. Bf1 Be5 30. c3 Nxd5
31. Rxd5 Rxf1 32. Rd3 Rf2 33. Re3 g5
0-1

[Event "Despedida  a un grande - Bobby Fischer"]
[Site "SchemingMind.com"]
[Date "2009.04.30"]
[Round "-"]
[White "alamanc66"]
[Black "CRIS PORTI"]
[Result "1-0"]
[WhiteCountry "NED"]
[BlackCountry "ARG"]
[WhiteElo "2251"]
[WhiteRD "107"]
[BlackElo "1715"]
[BlackRD "97"]
[GameID "202174"]

1. e4 e5 2. Nf3 Nc6 3. Bb5 a6 4. Ba4 Nf6 5. O-O b5 6. Bb3 Be7 7. d3 Na5 8. Nxe5 Nxb3 9. axb3 d5 10. Nc6 Qd6
11. Nxe7 Qxe7 12. exd5 Nxd5 13. Nc3 Nxc3 14. bxc3 O-O 15. Qf3 Bd7 16. Ba3 c5 17. Rfe1 Qg5 18. h4 Qxh4 19. Bxc5 Rfc8 20. b4 Bc6
21. Qf5 Rd8 22. Be7 Qh6 23. Bxd8 Rxd8 24. Rxa6 Qd2 25. Qe5 Bd7 26. Rd6 h6 27. Qe3 Qxc2 28. Rxd7 Rxd7 29. Qe8+ Kh7 30. Qxd7 Qxc3
31. Qf5+
1-0

[Event "Despedida  a un grande - Bobby Fischer"]
[Site "SchemingMind.com"]
[Date "2009.06.30"]
[Round "-"]
[White "knightchaser"]
[Black "AycaguerMarcel"]
[Result "1-0"]
[WhiteCountry "MAS"]
[BlackCountry "URU"]
[WhiteElo "2004"]
[WhiteRD "100"]
[BlackElo "1589"]
[BlackRD "79"]
[GameID "210416"]

1. d4 Nf6 2. c4 e6 3. Nc3 d5 4. cxd5 exd5 5. Bg5 Be7 6. e3 c6 7. Qc2 O-O 8. Bd3 h6 9. Bh4 Be6 10. Nge2 Nbd7
11. O-O Rc8 12. Rad1 a6 13. Qb1 Qe8 14. f3 Nh5 15. Bxe7 Qxe7 16. b4 Nhf6 17. h3 Rfe8 18. Rfe1 Rcd8 19. Na4 b5 20. Nc5 Nxc5
21. dxc5 Qc7 22. f4 a5 23. a3 axb4 24. axb4 Ra8 25. Nd4 Bd7 26. Qb2 Ra7 27. Nb3 Rea8 28. Ra1 Qd8 29. Ra5 Qc7 30. Rea1 Qb7
31. Kf2 Kf8 32. Qe5 Be8 33. g4 Ng8 34. Bh7
1-0

[Event "Despedida  a un grande - Bobby Fischer"]
[Site "SchemingMind.com"]
[Date "2009.06.30"]
[Round "-"]
[White "AycaguerMarcel"]
[Black "knightchaser"]
[Result "0-1"]
[WhiteCountry "URU"]
[BlackCountry "MAS"]
[WhiteElo "1589"]
[WhiteRD "79"]
[BlackElo "2004"]
[BlackRD "100"]
[GameID "210420"]

1. d4 d5 2. c4 e6 3. Nc3 c6 4. cxd5 exd5 5. Nf3 Nf6 6. Bg5 Bf5 7. e3 Nbd7 8. Bd3 Bxd3 9. Qxd3 Be7 10. O-O O-O
11. Rfe1 h6 12. Bf4 Re8 13. Rac1 Nf8 14. h3 Ne6 15. Bh2 Qa5 16. Nd2 a6 17. Nb3 Qb4 18. Qc2 Rac8 19. a3 Qb6 20. Qd1 Qd8
21. Qd3 Bf8 22. Qc2 Ng5 23. Nd2 Nfe4 24. Ndxe4 Nxe4 25. Nxe4 Rxe4 26. Qd2 Qg5 27. Qe2 Rce8 28. Qf3 R8e6 29. Kf1 Rf6 30. Qg3 Qf5
31. Re2 Bd6 32. f4 g5 33. Rf2 Kh7 34. Re1 gxf4
0-1

[Event "Despedida  a un grande - Bobby Fischer"]
[Site "SchemingMind.com"]
[Date "2009.07.05"]
[Round "-"]
[White "marble"]
[Black "MOHAX"]
[Result "1/2-1/2"]
[WhiteCountry "ENG"]
[BlackCountry "CAN"]
[WhiteElo "1885"]
[WhiteRD "70"]
[BlackElo "2018"]
[BlackRD "142"]
[GameID "210813"]

1. e4 c5 2. Nf3 a6 3. c3 Nf6 4. e5 Nd5 5. d4 cxd4 6. cxd4 d6 7. Bc4 e6 8. O-O Nc6 9. Bd2 Nb6 10. Be2 Be7
11. exd6 Bxd6 12. Nc3 O-O 13. Rc1 Bd7 14. Ne4 Be7 15. Nc5 Bxc5 16. dxc5 Nd5 17. a3 b6=
1/2-1/2

[Event "Despedida  a un grande - Bobby Fischer"]
[Site "SchemingMind.com"]
[Date "2009.07.05"]
[Round "-"]
[White "MOHAX"]
[Black "marble"]
[Result "1-0"]
[WhiteCountry "CAN"]
[BlackCountry "ENG"]
[WhiteElo "2050"]
[WhiteRD "137"]
[BlackElo "1831"]
[BlackRD "68"]
[GameID "210820"]

1. d4 Nf6 2. c4 g6 3. Nc3 Bg7 4. e4 d6 5. f4 O-O 6. Bd3 Nbd7 7. Nge2 e5 8. fxe5 dxe5 9. d5 c6 10. O-O Nc5
11. Bc2 Qb6 12. Kh1 cxd5 13. cxd5 Bd7 14. h3 a5 15. Be3 Qd6 16. Qe1 b5 17. Qf2 Rac8 18. Ng3 b4 19. Nce2 Ng4 20. hxg4 Bxg4
21. Rac1 h5 22. Ng1 Nd7 23. Ba4 Nf6 24. Bc5 Qd8 25. Bxf8 Bxf8 26. Rxc8 Bxc8 27. Qxf6 Qxf6 28. Rxf6 Be7 29. Rf1 Ba6 30. Rc1 h4
31. Nf1 Bg5 32. Rd1 Bd3 33. Rxd3
1-0

[Event "Despedida  a un grande - Bobby Fischer"]
[Site "SchemingMind.com"]
[Date "2009.07.24"]
[Round "-"]
[White "jesusch"]
[Black "smothered mate"]
[Result "1-0"]
[WhiteCountry "ESP"]
[BlackCountry "POL"]
[WhiteElo "1896"]
[WhiteRD "86"]
[BlackElo "1904"]
[BlackRD "58"]
[GameID "213678"]

1. e4 e5 2. Nf3 Nc6 3. Bb5 a6 4. Ba4 Nf6 5. O-O b5 6. Bb3 Be7 7. Re1 O-O 8. c3 d6 9. h3 Na5 10. Bc2 c5
11. d4 cxd4 12. cxd4 exd4 13. Nxd4 Qc7 14. Nc3 Bb7 15. Nf5 Rfe8 16. Qd3 Bf8 17. Bg5 Nd7 18. e5 Nxe5 19. Nh6+
1-0

[Event "Despedida  a un grande - Bobby Fischer"]
[Site "SchemingMind.com"]
[Date "2009.07.24"]
[Round "-"]
[White "smothered mate"]
[Black "jesusch"]
[Result "0-1"]
[WhiteCountry "POL"]
[BlackCountry "ESP"]
[WhiteElo "1914"]
[WhiteRD "62"]
[BlackElo "1861"]
[BlackRD "84"]
[GameID "213680"]

1. e4 c5 2. c3 d6 3. d4 Nf6 4. f3 Nc6 5. Be3 d5 6. e5 Nd7 7. f4 cxd4 8. cxd4 e6 9. Nf3 Nb6 10. Nbd2 Be7
11. Bd3 Bd7 12. O-O Nb4 13. Bb1 Ba4 14. b3 Bb5 15. Re1 Qc8 16. Nf1 Qc3 17. f5 Qxa1 18. fxe6 fxe6 19. Bg6+ hxg6 20. Qxa1 Nc2
21. Qb1 Nxe1 22. Qxg6+ Kd7 23. Nxe1 Rae8 24. Ng3 Na8 25. a4 Bc6 26. Nf3 Nc7 27. Ng5 b5 28. a5 Ref8 29. Nf7 Rhg8 30. Bd2 Ba3
31. Bc3 b4 32. Bd2 Bb5 33. Nd6 Bb2 34. Qg4 Ba6 35. Bxb4 Bc1 36. h4 Rf4 37. Qg6 Be3+ 38. Kh2 Rxh4#
0-1

[Event "Despedida  a un grande - Bobby Fischer"]
[Site "SchemingMind.com"]
[Date "2009.09.05"]
[Round "-"]
[White "jesusch"]
[Black "alamanc66"]
[Result "0-1"]
[WhiteCountry "ESP"]
[BlackCountry "NED"]
[WhiteElo "1876"]
[WhiteRD "89"]
[BlackElo "2262"]
[BlackRD "122"]
[GameID "218670"]

1. e4 c5 2. Nf3 d6 3. d4 cxd4 4. Nxd4 Nf6 5. Nc3 a6 6. Be3 e5 7. Nb3 Be6 8. Be2 Nbd7 9. O-O Be7 10. f4 Qc7
11. f5 Bc4 12. Bxc4 Qxc4 13. Qf3 O-O 14. a3 Rac8 15. Rf2 h6 16. Rd2 Qc7 17. Qg3 Kh7 18. Rad1 Nb6 19. Rd3 Nc4 20. Bc1 b5
21. Re1 Qb7 22. Qf3 a5 23. Kh1 b4 24. axb4 Qxb4 25. Red1 a4 26. Nd2 Nxb2 27. Nd5 Nxd5 28. Rxd5 Nxd1 29. Qxd1 a3
0-1

[Event "Despedida  a un grande - Bobby Fischer"]
[Site "SchemingMind.com"]
[Date "2009.09.06"]
[Round "-"]
[White "alamanc66"]
[Black "jesusch"]
[Result "1-0"]
[WhiteCountry "NED"]
[BlackCountry "ESP"]
[WhiteElo "2239"]
[WhiteRD "115"]
[BlackElo "1877"]
[BlackRD "92"]
[GameID "218678"]

1. e4 c5 2. Nf3 d6 3. d4 cxd4 4. Nxd4 Nf6 5. Nc3 a6 6. Be2 e5 7. Nb3 Be7 8. Bg5 Nc6 9. Qd3 Be6 10. O-O-O Nb4
11. Qd2 Nxa2+ 12. Nxa2 Nxe4 13. Bxe7 Qxe7 14. Qe3 Nf6 15. Nc3 Bxb3 16. cxb3 O-O 17. g4 Rac8 18. g5 Nd7 19. b4 f5 20. Kb1 Rfd8
21. h4 Qe6 22. h5 Kh8 23. Nd5 Qe8 24. Qa7 Nb8 25. h6 g6 26. Qxb7 Rd7 27. Qb6 Qf8 28. Nf6 Rdc7 29. Rxd6 Nc6 30. Rhd1
1-0

[Event "Despedida  a un grande - Bobby Fischer"]
[Site "SchemingMind.com"]
[Date "2009.11.14"]
[Round "-"]
[White "Brendan Joseph Birt"]
[Black "mebalse"]
[Result "1-0"]
[WhiteCountry "USA"]
[BlackCountry "URU"]
[WhiteElo "1858"]
[WhiteRD "90"]
[BlackElo "1924"]
[BlackRD "80"]
[GameID "226356"]

1. e4 d5 2. exd5 Qxd5 3. Nc3 Qa5 4. d4 Bf5 5. Nf3 c6 6. Bc4 e6 7. O-O Nf6 8. Bf4 Nbd7 9. Ne5 Nd5 10. Bxd5 cxd5
11. Nxd7 Kxd7 12. a3 Bd6 13. Bxd6 Kxd6 14. b4 Qc7 15. Nb5+ Kd7 16. Nxc7 Kxc7 17. Qe2 Rhg8 18. c4 Rad8 19. cxd5 Rxd5 20. Rfc1+ Kd7
21. Qc4 Ke7 22. Qc7+ Rd7 23. Qc5+ Kf6 24. Qe5+ Kg6 25. Rc3 f6 26. Qg3+ Kf7 27. Rac1 Rgd8 28. Rc7
1-0

[Event "Despedida  a un grande - Bobby Fischer"]
[Site "SchemingMind.com"]
[Date "2009.11.14"]
[Round "-"]
[White "mebalse"]
[Black "Brendan Joseph Birt"]
[Result "0-1"]
[WhiteCountry "URU"]
[BlackCountry "USA"]
[WhiteElo "1910"]
[WhiteRD "83"]
[BlackElo "1860"]
[BlackRD "91"]
[GameID "226365"]

1. e4 c5 2. f4 g6 3. Nf3 Bg7 4. d4 cxd4 5. Nxd4 Nc6 6. Nb3 d6 7. c3 Nf6 8. Bc4 O-O 9. N1d2 e5 10. Qc2 exf4
11. O-O Ne5 12. Nd4 Nxc4 13. Nxc4 Nh5 14. Bxf4 Nxf4 15. Rxf4 Be6 16. Nxe6 fxe6 17. Raf1 Qe7 18. Na5 b6 19. Nc6 Qd7 20. Rxf8+ Rxf8
21. Nd4 Rxf1+ 22. Kxf1 Be5 23. g3 d5 24. Kg2 dxe4 25. Qxe4 Bxd4 26. cxd4 Qd5 27. Kf3 Kf7 28. b3 Ke7 29. Kf4 Kd6 30. g4 h6
31. h4 g5+ 32. hxg5 Qxe4+ 33. Kxe4 hxg5 34. a4 a5 35. d5 exd5+ 36. Kd4 Ke6
0-1

[Event "Despedida  a un grande - Bobby Fischer"]
[Site "SchemingMind.com"]
[Date "2010.01.05"]
[Round "-"]
[White "knightchaser"]
[Black "Brendan Joseph Birt"]
[Result "1-0"]
[WhiteCountry "MAS"]
[BlackCountry "USA"]
[WhiteElo "1944"]
[WhiteRD "90"]
[BlackElo "1874"]
[BlackRD "95"]
[GameID "233279"]

1. d4 Nf6 2. c4 g6 3. Nc3 d5 4. cxd5 Nxd5 5. e4 Nxc3 6. bxc3 Bg7 7. Bc4 O-O 8. Ne2 c5 9. f3 Nc6 10. Be3 cxd4
11. cxd4 b6 12. Qd2 Na5 13. Bd3 Bb7 14. Kf2 Rc8 15. Rac1 Qd7 16. h4 Nc6 17. Bb5 Qd8 18. h5 a6 19. Ba4 b5 20. Bb3 Na5
21. hxg6 hxg6 22. Bh6 Nxb3 23. axb3 Rxc1 24. Rxc1 e5 25. d5 Qf6 26. Bg5 Qb6+ 27. Be3 Qd8 28. Bg5 Qb6+ 29. Be3 Qd8 30. Rh1 f5
31. Bh6 Qd7 32. Kg1 fxe4 33. fxe4 Qf7 34. Ng3 Bxh6 35. Rxh6 Kg7 36. Qg5 Bc8 37. Nh5+ Kg8 38. Rxg6+ Kh8 39. Rh6+ Qh7 40. Qg7#
1-0

[Event "Despedida  a un grande - Bobby Fischer"]
[Site "SchemingMind.com"]
[Date "2010.01.04"]
[Round "-"]
[White "Brendan Joseph Birt"]
[Black "knightchaser"]
[Result "0-1"]
[WhiteCountry "USA"]
[BlackCountry "MAS"]
[WhiteElo "1855"]
[WhiteRD "97"]
[BlackElo "1955"]
[BlackRD "92"]
[GameID "233281"]

1. e4 Nc6 2. Nf3 e5 3. d4 exd4 4. Nxd4 Bc5 5. Nxc6 Qf6 6. Qf3 dxc6 7. Qxf6 Nxf6 8. f3 Be6 9. Nd2 O-O-O 10. Bc4 Rhe8
11. Bxe6+ Rxe6 12. Nb3 Bb6 13. Bd2 Nd7 14. O-O-O Ne5 15. Bg5 f6 16. Rxd8+ Kxd8 17. Bd2 Nc4 18. Rd1 Ke8 19. Re1 Bf2 20. Re2 Bg1
21. h3 g6 22. Re1 Bb6 23. c3 Rd6 24. Bf4 Rd7 25. Rd1 Rxd1+ 26. Kxd1 Nxb2+ 27. Kc2 Nc4 28. Nd4 Ke7 29. g4 Nd6 30. Nb3 Ne8
31. a4 Bf2 32. Kd3 b6 33. c4 Kd7 34. Be3 Bxe3 35. Kxe3 c5 36. f4 Nd6 37. Kd3 Ke6 38. Nc1 a6 39. Ne2 c6 40. Ng3 b5
41. cxb5 cxb5 42. axb5 axb5 43. Ne2 h6 44. h4 b4 45. Nc1 g5 46. fxg5 fxg5 47. hxg5 hxg5 48. Ne2 Nf7 49. Kc4 Kd6 50. Ng3 Ne5+
51. Kb5 Nxg4 52. Nf5+ Ke5 53. Kxc5 b3 54. Nd4 b2 55. Nf3+ Kxe4 56. Nd2+ Kd3 57. Nb1 Nf2 58. Na3 g4 59. Kd5 g3 60. Ke5 g2
61. Kf4 g1=Q 62. Kf5 Qg7 63. Nb1 Kd4 64. Kf4 Nd3+ 65. Kf5 Qf7+ 66. Kg5 Ke5 67. Kg4 Qf4+ 68. Kh5 Kf6 69. Nc3 Qg5#
0-1